000 00525nam a2200193 a 4500
005 20240924071150.0
008 991125s1953 ve 000 0 spa u
035 _aUPN01000000059
049 _aCG
050 4 _aPZ74.9
_bV4.2
245 0 0 _a20 Cuentos.
260 _aCaracas :
_bEl Nacional,
_c1953.
300 _a273 p.
500 _a"Premios del concurso anual del diario El Nacional"
650 0 _aCuentos venezolanos
_99137
650 4 _aLiteratura infantil
_94445
905 _aLibro
999 _c59
_d59